| 000 | 00479nam a2200193Ia 4500 | ||
|---|---|---|---|
| 008 | 240510s9999 xx 000 0 und d | ||
| 020 | _a0008131711331 | ||
| 041 | _aEng | ||
| 082 | _a004.6 | ||
| 082 | _bH19 | ||
| 100 | _aHAYKIN, Simon : MOHER, Michael | ||
| 245 | 0 | _aModern Wireless Communications | |
| 260 | _bIndia : Pearson Education | ||
| 260 | _c2005 | ||
| 300 | _a569 p. | ||
| 650 | _aWireless Network : Data Communication | ||
| 942 | _2ddc | ||
| 942 | _cRBK | ||
| 999 |
_c28200 _d28200 |
||
| 945 |
_a1 _bMadushi Gamage _c1 _dMadushi Gamage |
||